[Event "29. Open Villa de Benasque 2009  "]
[Site "Benasque ESP"]
[Date "2009.07.08"]
[Round "7.4"]
[White "Georgiev, Kiril"]
[Black "Sulskis, Sarunas"]
[Result "1/2-1/2"]
[WhiteElo "2645"]
[BlackElo "2559"]
[PlyCount "88"]
[EventDate "2009.07.03"]
[EventType "swiss"]
[EventRounds "11"]
[EventCountry "ESP"]
[Source "lmi"]
[SourceDate "2009.07.03"]

1. e4 Nf6 2. e5 Nd5 3. d4 d6 4. Nf3 dxe5 5. Nxe5 Nd7 6. Bd3 Nxe5 7. dxe5 Nb4 8.
Be4 Qxd1+ 9. Kxd1 Bg4+ 10. f3 O-O-O+ 11. Bd2 Bh5 12. Kc1 e6 13. Re1 f5 14. exf6
gxf6 15. a3 Nd5 16. Bd3 Bd6 17. Nc3 Rhg8 18. g4 Bg6 19. Rxe6 Bxh2 20. Re2 Nxc3
21. Rxh2 Nd5 22. Bc4 h5 23. g5 fxg5 24. Bxg5 Rd7 25. Bxd5 Rxd5 26. f4 Re8 27.
b3 b5 28. Kb2 Kb7 29. Bf6 Re6 30. Be5 Rc6 31. Rc1 a5 32. Rg1 b4 33. Rgg2 Rdc5
34. axb4 axb4 35. Bd4 Rd5 36. Bg7 Rdc5 37. Rf2 h4 38. Bd4 Rd5 39. Be5 Rdc5 40.
Bd4 Rd5 41. Be5 Rdc5 42. f5 Rxe5 43. fxg6 Rxg6 44. Rxh4 c5 1/2-1/2

[Event "29. Open Villa de Benasque 2009  "]
[Site "Benasque ESP"]
[Date "2009.07.08"]
[Round "7.5"]
[White "Marin, Mihail"]
[Black "Macak, Stefan"]
[Result "1-0"]
[WhiteElo "2583"]
[BlackElo "2472"]
[PlyCount "86"]
[EventDate "2009.07.03"]
[EventType "swiss"]
[EventRounds "11"]
[EventCountry "ESP"]
[Source "lmi"]
[SourceDate "2009.07.03"]

1. c4 c5 2. g3 Nc6 3. Bg2 g6 4. Nc3 Bg7 5. Nf3 e5 6. O-O Nge7 7. a3 d6 8. Ne1
Be6 9. Nc2 O-O 10. Ne3 a5 11. d3 f5 12. Ned5 h6 13. Rb1 Rb8 14. Bd2 Bf7 15. b4
axb4 16. axb4 Nxd5 17. Nxd5 b6 18. Qa4 Ne7 19. Nc3 Qc7 20. bxc5 bxc5 21. Qa6
Kh7 22. Rb7 Rxb7 23. Qxb7 Qxb7 24. Bxb7 Nc8 25. Ra1 e4 26. Ra6 exd3 27. exd3
Be5 28. Nb5 Kg7 29. Rc6 Ne7 30. Rc7 Kf6 31. Bxh6 Rh8 32. Be3 g5 33. f4 gxf4 34.
gxf4 Bb2 35. Nxd6 Bh5 36. Bxc5 Be2 37. Nf7 Rg8+ 38. Kf2 Ng6 39. Kxe2 Nxf4+ 40.
Kf1 Ne6 41. Be7+ Kxf7 42. Bd5 Be5 43. Bd6+ Ke8 1-0

[Event "29. Open Villa de Benasque 2009  "]
[Site "Benasque ESP"]
[Date "2009.07.09"]
[Round "8.1"]
[White "Edouard, Romain"]
[Black "Laznicka, Viktor"]
[Result "1/2-1/2"]
[WhiteElo "2597"]
[BlackElo "2617"]
[PlyCount "43"]
[EventDate "2009.07.03"]
[EventType "swiss"]
[EventRounds "11"]
[EventCountry "ESP"]
[Source "lmi"]
[SourceDate "2009.07.03"]

1. e4 e5 2. Nf3 Nc6 3. Bb5 Nf6 4. d3 Bc5 5. c3 O-O 6. O-O d6 7. Nbd2 Bd7 8. b4
Bb6 9. Nc4 Ne7 10. Bxd7 Nxd7 11. a4 a6 12. d4 exd4 13. Nxb6 Nxb6 14. a5 Nbc8
15. cxd4 d5 16. e5 Nc6 17. Rb1 N8a7 18. Qd3 f6 19. Bd2 Nb5 20. Rfe1 Qd7 21.
Rbc1 Qf7 22. Kh1 1/2-1/2

[Event "29. Open Villa de Benasque 2009  "]
[Site "Benasque ESP"]
[Date "2009.07.09"]
[Round "8.2"]
[White "Mamedov, Nidjat"]
[Black "Damljanovic, Branko"]
[Result "1/2-1/2"]
[WhiteElo "2614"]
[BlackElo "2551"]
[PlyCount "112"]
[EventDate "2009.07.03"]
[EventType "swiss"]
[EventRounds "11"]
[EventCountry "ESP"]
[Source "lmi"]
[SourceDate "2009.07.03"]

1. e4 c5 2. Nf3 e6 3. d4 cxd4 4. Nxd4 a6 5. Bd3 Ne7 6. c4 Nbc6 7. Nb3 d6 8. O-O
g6 9. Nc3 Bg7 10. Bg5 O-O 11. Qd2 f6 12. Be3 b6 13. Rfd1 Bb7 14. Be2 Nc8 15. f4
f5 16. Bf3 Rb8 17. Rac1 Qe8 18. exf5 gxf5 19. Re1 Nd8 20. Bxb7 Rxb7 21. Bd4 Nc6
22. Bxg7 Rxg7 23. Nd4 Nxd4 24. Qxd4 Qc6 25. g3 Rg6 26. Re3 Qc5 27. Qxc5 bxc5
28. Na4 Rf7 29. Rb3 Rc7 30. Rb8 Kf7 31. Nb6 Nxb6 32. Rxb6 e5 33. Rf1 d5 34.
Rxg6 hxg6 35. cxd5 e4 36. Rd1 Rb7 37. b3 Ke7 38. Rc1 Kd6 39. Rc4 a5 40. Ra4 Ra7
41. Kf2 Kxd5 42. h4 Kc6 43. g4 Kd5 44. h5 gxh5 45. gxh5 Rh7 46. Rxa5 Kd4 47. b4
Rxh5 48. Rxc5 Rh2+ 49. Kg3 Rxa2 50. Rxf5 Ra1 51. Kf2 e3+ 52. Ke2 Ra2+ 53. Kf3
Rf2+ 54. Kg3 Rf1 55. Re5 Kd3 56. Rd5+ Ke4 1/2-1/2

[Event "29. Open Villa de Benasque 2009  "]
[Site "Benasque ESP"]
[Date "2009.07.09"]
[Round "8.3"]
[White "Andriasian, Zaven"]
[Black "Pavlovic, Milos M"]
[Result "1/2-1/2"]
[WhiteElo "2585"]
[BlackElo "2533"]
[PlyCount "33"]
[EventDate "2009.07.03"]
[EventType "swiss"]
[EventRounds "11"]
[EventCountry "ESP"]
[Source "lmi"]
[SourceDate "2009.07.03"]

1. e4 e5 2. Nf3 Nc6 3. Bc4 Nf6 4. d3 Bc5 5. O-O d6 6. c3 a6 7. Bb3 Ba7 8. Nbd2
O-O 9. h3 h6 10. Re1 Nh5 11. Nf1 Qf6 12. Ne3 Nf4 13. Nd5 Nxd5 14. exd5 Ne7 15.
d4 exd4 16. Nxd4 Nf5 17. Nxf5 1/2-1/2

[Event "29. Open Villa de Benasque 2009  "]
[Site "Benasque ESP"]
[Date "2009.07.09"]
[Round "8.4"]
[White "Aloma Vidal, Robert"]
[Black "Marin, Mihail"]
[Result "0-1"]
[WhiteElo "2418"]
[BlackElo "2583"]
[PlyCount "80"]
[EventDate "2009.07.03"]
[EventType "swiss"]
[EventRounds "11"]
[EventCountry "ESP"]
[Source "lmi"]
[SourceDate "2009.07.03"]

1. d4 Nf6 2. Nf3 g6 3. c4 Bg7 4. Nc3 d5 5. Bf4 O-O 6. Rc1 dxc4 7. e4 Bg4 8.
Bxc4 Nh5 9. Bg5 Bxf3 10. Qxf3 Qxd4 11. Nd5 Qe5 12. Bxe7 Re8 13. Nxc7 Rxe7 14.
Nxa8 Nc6 15. b4 Bh6 16. O-O Nd4 17. Qa3 Bxc1 18. Rxc1 Re8 19. Qxa7 Nf3+ 20. Kf1
Nd2+ 21. Ke1 Nxe4 22. Qe3 Rxa8 23. f3 Qg5 24. Qxg5 Nxg5 25. Bb3 Re8+ 26. Kf1
Nf4 27. Rc7 Nd3 28. g4 b5 29. h4 Re1+ 30. Kg2 Ne6 31. Rb7 Re2+ 32. Kf1 Re1+ 33.
Kg2 Re2+ 34. Kg1 Nxb4 35. h5 gxh5 36. Rxb5 Nc6 37. Rxh5 Ncd4 38. Bd5 Nf4 39.
Rg5+ Kf8 40. Kf1 h6 0-1

[Event "29. Open Villa de Benasque 2009  "]
[Site "Benasque ESP"]
[Date "2009.07.09"]
[Round "8.5"]
[White "Sulskis, Sarunas"]
[Black "Melkumyan, Hrant"]
[Result "1/2-1/2"]
[WhiteElo "2559"]
[BlackElo "2530"]
[PlyCount "74"]
[EventDate "2009.07.03"]
[EventType "swiss"]
[EventRounds "11"]
[EventCountry "ESP"]
[Source "lmi"]
[SourceDate "2009.07.03"]

1. e4 e5 2. f4 exf4 3. Nf3 d5 4. exd5 Nf6 5. Bb5+ c6 6. dxc6 Nxc6 7. d4 Bd6 8.
Qe2+ Be6 9. Ng5 O-O 10. Nxe6 fxe6 11. Bxc6 bxc6 12. O-O Qc7 13. Nd2 Rae8 14.
Nc4 g5 15. Bd2 e5 16. dxe5 Bxe5 17. Nxe5 Qxe5 18. Qxe5 Rxe5 19. Bb4 Rfe8 20.
Bc3 R5e6 21. Bxf6 Rxf6 22. Rfe1 Rfe6 23. Rxe6 Rxe6 24. Kf2 Rd6 25. Re1 Kf7 26.
Re5 Rd2+ 27. Kf3 g4+ 28. Kxf4 Rxc2 29. Kg3 Rxb2 30. Ra5 Kg6 31. Rxa7 h5 32.
Rg7+ Kf6 33. Ra7 Rxa2 34. h4 gxh3 35. Kxh3 Kg5 36. Ra8 Kh6 37. Rc8 Ra6 1/2-1/2

[Event "29. Open Villa de Benasque 2009  "]
[Site "Benasque ESP"]
[Date "2009.07.09"]
[Round "8.7"]
[White "Gomez Esteban, Juan Mario"]
[Black "Burmakin, Vladimir"]
[Result "1/2-1/2"]
[WhiteElo "2478"]
[BlackElo "2627"]
[PlyCount "63"]
[EventDate "2009.07.03"]
[EventType "swiss"]
[EventRounds "11"]
[EventCountry "ESP"]
[Source "lmi"]
[SourceDate "2009.07.03"]

1. e4 c6 2. d4 d5 3. Nd2 dxe4 4. Nxe4 Bf5 5. Ng3 Bg6 6. h4 h6 7. Nf3 Nd7 8. h5
Bh7 9. Bd3 Bxd3 10. Qxd3 e6 11. Bd2 Qc7 12. O-O-O O-O-O 13. c4 Ngf6 14. Bc3 Qb6
15. Qe2 Bb4 16. Bxb4 Qxb4 17. a3 Qa5 18. Ne5 Rhf8 19. f4 c5 20. dxc5 Qxc5 21.
Nxd7 Rxd7 22. Rxd7 Kxd7 23. Rd1+ Kc8 24. Ne4 Nxe4 25. Qxe4 Rd8 26. Rxd8+ Kxd8
27. b4 Qf2 28. Qxb7 Qxf4+ 29. Kb2 Qd4+ 30. Kb3 Qd1+ 31. Kb2 Qd4+ 32. Kb3
1/2-1/2

[Event "29. Open Villa de Benasque 2009  "]
[Site "Benasque ESP"]
[Date "2009.07.09"]
[Round "8.8"]
[White "Jansa, Vlastimil"]
[Black "Movsziszian, Karen"]
[Result "1-0"]
[WhiteElo "2470"]
[BlackElo "2570"]
[PlyCount "71"]
[EventDate "2009.07.03"]
[EventType "swiss"]
[EventRounds "11"]
[EventCountry "ESP"]
[Source "lmi"]
[SourceDate "2009.07.03"]

1. e4 c5 2. Nf3 d6 3. d4 Nf6 4. Nc3 cxd4 5. Nxd4 a6 6. Bd3 g6 7. O-O Bg7 8. Re1
O-O 9. Bf1 Nc6 10. Nb3 Bd7 11. Nd5 Rc8 12. Bg5 Nxd5 13. exd5 Ne5 14. Qd2 Re8
15. c3 b5 16. Nd4 Qb6 17. Nc2 a5 18. h3 Rc7 19. Kh2 b4 20. cxb4 Nc4 21. Bxc4
Rxc4 22. b3 Rcc8 23. bxa5 Qc5 24. Ne3 Bc3 25. Qd1 Bxa1 26. Qxa1 Qxa5 27. Nc4
Qxd5 28. Bxe7 Bc6 29. f3 Qf5 30. Qd4 Qc2 31. Qf4 Rxe7 32. Rxe7 Rf8 33. Nxd6 Bd5
34. Ne8 Bc6 35. Nf6+ Kg7 36. Qd4 1-0

[Event "29. Open Villa de Benasque 2009  "]
[Site "Benasque ESP"]
[Date "2009.07.10"]
[Round "9.1"]
[White "Marin, Mihail"]
[Black "Edouard, Romain"]
[Result "1-0"]
[WhiteElo "2583"]
[BlackElo "2597"]
[PlyCount "209"]
[EventDate "2009.07.03"]
[EventType "swiss"]
[EventRounds "11"]
[EventCountry "ESP"]
[Source "lmi"]
[SourceDate "2009.07.03"]

1. c4 c5 2. g3 g6 3. Bg2 Bg7 4. Nc3 Nc6 5. Nf3 d6 6. O-O e5 7. a3 a5 8. d3 Nge7
9. Ne1 Be6 10. Nc2 d5 11. cxd5 Nxd5 12. Ne3 Nde7 13. Nc4 O-O 14. Bg5 f6 15. Be3
b6 16. Qa4 Rc8 17. Qb5 Bxc4 18. dxc4 Nd4 19. Bxd4 cxd4 20. Na4 Rb8 21. c5 bxc5
22. Qxc5 f5 23. Qc4+ Kh8 24. b4 e4 25. Nc5 Qd6 26. Rfd1 Rfc8 27. Rac1 axb4 28.
axb4 Qd5 29. e3 Qxc4 30. Rxc4 d3 31. g4 Bb2 32. Bxe4 fxe4 33. Rxe4 Nd5 34. Rxd3
Nxb4 35. Rb3 Nd5 36. Rxb8 Rxb8 37. Re6 Rc8 38. Ne4 Rf8 39. Rd6 Nf6 40. Nxf6
Bxf6 41. Kg2 Rf7 42. f4 Kg7 43. g5 Bb2 44. Kf3 h6 45. gxh6+ Kxh6 46. Kg4 Bc1
47. Re6 Rf5 48. Re7 Bd2 49. h3 Rh5 50. Kg3 Be1+ 51. Kg2 Ra5 52. e4 Ra2+ 53. Kf3
Ra3+ 54. Kg2 Rg3+ 55. Kh2 Rf3 56. f5 g5 57. Re8 Re3 58. Kg2 Bg3 59. Re6+ Kh7
60. Re7+ Kg8 61. f6 Kf8 62. Rg7 Bf4 63. Re7 Rg3+ 64. Kf2 Rxh3 65. e5 g4 66. e6
Rf3+ 67. Kg2 Rg3+ 68. Kf2 Rf3+ 69. Kg2 Bh6 70. Rf7+ Kg8 71. Rd7 Rxf6 72. Rd8+
Kg7 73. e7 Re6 74. e8=Q Rxe8 75. Rxe8 Kf6 76. Kg3 Kf5 77. Rg8 Bf4+ 78. Kh4 g3
79. Kh3 Be5 80. Kg2 Kf4 81. Rxg3 Ke4 82. Rf3 Bd6 83. Kf2 Bf4 84. Ke2 Bd6 85.
Rh3 Kd5 86. Kd3 Kc6 87. Rh6 Kd5 88. Rg6 Bf4 89. Rf6 Bd6 90. Rf5+ Kc6 91. Kc4
Kb7 92. Kb5 Ka8 93. Kb6 Bh2 94. Rg5 Bf4 95. Rg4 Bh2 96. Ka6 Bb8 97. Rg7 Be5 98.
Ra7+ Kb8 99. Re7 Bd6 100. Rd7 Bc7 101. Rg7 Be5 102. Rf7 Bd6 103. Kb6 Ka8 104.
Ra7+ Kb8 105. Rd7 1-0

[Event "29. Open Villa de Benasque 2009  "]
[Site "Benasque ESP"]
[Date "2009.07.10"]
[Round "9.4"]
[White "Melkumyan, Hrant"]
[Black "Andriasian, Zaven"]
[Result "1/2-1/2"]
[WhiteElo "2530"]
[BlackElo "2585"]
[PlyCount "27"]
[EventDate "2009.07.03"]
[EventType "swiss"]
[EventRounds "11"]
[EventCountry "ESP"]
[Source "lmi"]
[SourceDate "2009.07.03"]

1. d4 d5 2. c4 e6 3. Nc3 Nf6 4. Nf3 Be7 5. Bg5 O-O 6. e3 b6 7. cxd5 Nxd5 8.
Bxe7 Qxe7 9. Nxd5 exd5 10. Be2 Be6 11. O-O c5 12. dxc5 bxc5 13. Qa4 Nd7 14.
Rac1 1/2-1/2

[Event "29. Open Villa de Benasque 2009  "]
[Site "Benasque ESP"]
[Date "2009.07.10"]
[Round "9.5"]
[White "Pavlovic, Milos M"]
[Black "Sulskis, Sarunas"]
[Result "1/2-1/2"]
[WhiteElo "2533"]
[BlackElo "2559"]
[PlyCount "127"]
[EventDate "2009.07.03"]
[EventType "swiss"]
[EventRounds "11"]
[EventCountry "ESP"]
[Source "lmi"]
[SourceDate "2009.07.03"]

1. d4 d5 2. c4 c6 3. Nf3 Nf6 4. Nc3 e6 5. Bg5 h6 6. Bxf6 Qxf6 7. Qb3 dxc4 8.
Qxc4 Nd7 9. O-O-O Bd6 10. e3 Qe7 11. Bd3 a5 12. Bb1 a4 13. Nxa4 O-O 14. Qc2 f5
15. g4 b6 16. Rhg1 Bb7 17. Ne5 Bxe5 18. dxe5 Nxe5 19. gxf5 exf5 20. f4 Nf3 21.
Qb3+ Kh8 22. Rg3 Rxa4 23. Rxf3 Rb4 24. Qc3 Ba6 25. Bd3 Bxd3 26. Qxd3 Re4 27.
Kb1 Re8 28. a3 c5 29. Rg3 Rxe3 30. Qxf5 Re6 31. Qg4 Re1 32. Rxe1 Qxe1+ 33. Ka2
Qe7 34. Qf5 Rf8 35. Qe5 Qf7+ 36. Kb1 Rd8 37. f5 Rd1+ 38. Kc2 Rf1 39. Qe6 Rxf5
40. Qxf7 Rxf7 41. h4 Kh7 42. Kc3 Rf4 43. h5 Rh4 44. Rg6 b5 45. Rb6 b4+ 46. axb4
cxb4+ 47. Rxb4 Rxh5 48. Rd4 Rc5+ 49. Kd3 g5 50. b4 Rc1 51. b5 Rb1 52. Rd5 g4
53. Kc2 Rf1 54. b6 Rf8 55. b7 Rb8 56. Rd7+ Kg6 57. Kd2 h5 58. Ke2 h4 59. Kf2
Kf5 60. Rd5+ Ke6 61. Rb5 Kd6 62. Rb4 Kc5 63. Rxg4 Rxb7 64. Rxh4 1/2-1/2

[Event "29. Open Villa de Benasque 2009  "]
[Site "Benasque ESP"]
[Date "2009.07.10"]
[Round "9.6"]
[White "Iturrizaga, Eduardo"]
[Black "Lajthajm, Borko"]
[Result "1/2-1/2"]
[WhiteElo "2555"]
[BlackElo "2484"]
[PlyCount "146"]
[EventDate "2009.07.03"]
[EventType "swiss"]
[EventRounds "11"]
[EventCountry "ESP"]
[Source "lmi"]
[SourceDate "2009.07.03"]

1. d4 Nf6 2. Nf3 e6 3. c4 Bb4+ 4. Nbd2 O-O 5. a3 Bxd2+ 6. Qxd2 b6 7. e3 Bb7 8.
b4 a5 9. Bb2 axb4 10. axb4 Rxa1+ 11. Bxa1 d6 12. Be2 Nbd7 13. O-O Qe7 14. Bb2
Ra8 15. Ra1 Qe8 16. Qc1 c5 17. dxc5 dxc5 18. b5 Rxa1 19. Qxa1 Qa8 20. Qd1 Qb8
21. Ne5 Qc7 22. f3 Kf8 23. Qa1 Ne8 24. Nxd7+ Qxd7 25. Be5 f6 26. Bb8 Nd6 27.
Qb1 g6 28. Qa1 Ke7 29. g4 h6 30. Qb1 Qe8 31. Bc7 Nc8 32. Bf4 g5 33. Bc7 Kd7 34.
Bb8 Ne7 35. Qd3+ Kc8 36. Bg3 Qd8 37. Qh7 Ng8 38. Bc7 Qxc7 39. Qxg8+ Qd8 40. Qg7
Kb8 41. Qxh6 e5 42. Kf2 Qe7 43. h4 gxh4 44. Qxh4 Qg7 45. Bd3 Kc7 46. Bf5 Qf7
47. Qh7 Qxh7 48. Bxh7 Kd6 49. Kg3 Ke7 50. f4 exf4+ 51. exf4 Bc8 52. Kh4 Kf7 53.
Kh5 Kg7 54. Bd3 Bb7 55. Bf5 Bf3 56. Be6 Be2 57. Kh4 Kf8 58. Bd5 Bd1 59. Be6 Be2
60. Bd5 Bd1 61. g5 Kg7 62. Be6 Be2 63. f5 Bd1 64. Bd5 Be2 65. g6 Bd3 66. Kg4
Kh6 67. Kf4 Kg7 68. Be6 Kh6 69. Ke3 Bb1 70. Bd7 Kg7 71. Be6 Bc2 72. Kf4 Bd3 73.
Bd5 Kh6 1/2-1/2

[Event "29. Open Villa de Benasque 2009  "]
[Site "Benasque ESP"]
[Date "2009.07.10"]
[Round "9.7"]
[White "Damljanovic, Branko"]
[Black "Jansa, Vlastimil"]
[Result "0-1"]
[WhiteElo "2551"]
[BlackElo "2470"]
[PlyCount "172"]
[EventDate "2009.07.03"]
[EventType "swiss"]
[EventRounds "11"]
[EventCountry "ESP"]
[Source "lmi"]
[SourceDate "2009.07.03"]

1. Nf3 Nf6 2. c4 g6 3. Nc3 d5 4. Qa4+ Bd7 5. Qb3 dxc4 6. Qxc4 a6 7. d4 b5 8.
Qb3 Bg7 9. e4 c5 10. dxc5 O-O 11. Be2 Nc6 12. O-O Be6 13. Qc2 Qc7 14. h3 Nb4
15. Qb1 Qxc5 16. a3 Nc6 17. Be3 Qd6 18. Rd1 Qc7 19. Qc2 Rac8 20. Rac1 Qb8 21.
Ng5 Bd7 22. Qd2 Na5 23. Qe1 Nb3 24. Rb1 h6 25. Nf3 Be6 26. e5 Nd7 27. Nd5 Bxd5
28. Rxd5 Nb6 29. Rdd1 Nc4 30. Bxc4 Rxc4 31. Rd7 e6 32. Qd1 Nc5 33. Rd6 Rc8 34.
b3 Rc3 35. Bd4 Rd3 36. Qc2 Bf8 37. Bxc5 Bxd6 38. exd6 Qxd6 39. b4 Qd5 40. Qc1
Kh7 41. Qf4 Qf5 42. Qxf5 gxf5 43. Ra1 Rcd8 44. Kh2 Rd1 45. Rxd1 Rxd1 46. Ne5
Kg8 47. Be3 h5 48. Kg3 f6 49. Nc6 Kf7 50. Bc5 e5 51. Kh4 Rd3 52. Kxh5 f4 53. h4
Rxa3 54. Kg4 Ke6 55. h5 Ra1 56. Nd8+ Kd7 57. Nb7 Ke6 58. Bb6 Rg1 59. Nc5+ Kf7
60. Kf5 Rh1 61. Kg4 Rh2 62. Kf3 Rxh5 63. Nxa6 Ke6 64. Nc7+ Kd7 65. Ba5 Kc6 66.
Ne6 Kd5 67. Nc5 Rh8 68. Ne4 f5 69. Ng5 Rg8 70. Nh3 Rc8 71. Ng5 Rc3+ 72. Ke2 e4
73. Bb6 Rc2+ 74. Ke1 Rc6 75. Bc5 Rg6 76. Nh3 Ke5 77. Ba7 Rg8 78. Kf1 Ra8 79.
Bb6 Ra1+ 80. Ke2 Ra2+ 81. Ke1 Rb2 82. Bc7+ Kd4 83. Bd6 e3 84. Nxf4 Rxf2 85.
Ne2+ Kd3 86. Nf4+ Ke4 0-1

[Event "29. Open Villa de Benasque 2009  "]
[Site "Benasque ESP"]
[Date "2009.07.10"]
[Round "9.8"]
[White "Burmakin, Vladimir"]
[Black "Pedersen, Nicolai Vesterbaek"]
[Result "1-0"]
[WhiteElo "2627"]
[BlackElo "2431"]
[PlyCount "95"]
[EventDate "2009.07.03"]
[EventType "swiss"]
[EventRounds "11"]
[EventCountry "ESP"]
[Source "lmi"]
[SourceDate "2009.07.03"]

1. Nf3 Nf6 2. c4 e6 3. g3 d5 4. Bg2 dxc4 5. Qa4+ c6 6. Qxc4 b5 7. Qc2 Bb7 8.
O-O Nbd7 9. a4 a6 10. Nc3 Rc8 11. d3 Be7 12. Nd2 Nd5 13. Nb3 O-O 14. Bd2 N7b6
15. Ne4 Nxa4 16. Ba5 Qd7 17. Nec5 Nxc5 18. Nxc5 Bxc5 19. Qxc5 Ne7 20. Rac1 Nf5
21. e3 Rfe8 22. Rc3 Ne7 23. Rfc1 Nd5 24. Ra3 Ne7 25. f4 Ng6 26. d4 f5 27. e4
fxe4 28. Re3 Ne7 29. Rxe4 Nf5 30. b3 Nd6 31. Re2 Ba8 32. Bb6 Nf5 33. Rce1 g6
34. Re5 Rb8 35. Bh3 Qf7 36. Ra1 Qb7 37. Ba5 Nxd4 38. Re3 Nf5 39. Bxf5 exf5 40.
Rae1 Re4 41. Rxe4 fxe4 42. Rxe4 Qd7 43. Re7 Qd1+ 44. Kf2 b4 45. Bxb4 Qxb3 46.
Bc3 Qc2+ 47. Re2 Qb3 48. Qe5 1-0

[Event "29. Open Villa de Benasque 2009  "]
[Site "Benasque ESP"]
[Date "2009.07.11"]
[Round "10.1"]
[White "Marin, Mihail"]
[Black "Laznicka, Viktor"]
[Result "1/2-1/2"]
[WhiteElo "2583"]
[BlackElo "2617"]
[PlyCount "23"]
[EventDate "2009.07.03"]
[EventType "swiss"]
[EventRounds "11"]
[EventCountry "ESP"]
[Source "lmi"]
[SourceDate "2009.07.03"]

1. c4 Nf6 2. g3 c6 3. Bg2 d5 4. Nf3 dxc4 5. O-O Nbd7 6. Na3 Nb6 7. Qc2 Qd5 8.
Ne1 Qe6 9. d3 cxd3 10. Nxd3 g6 11. e4 Bg7 12. Bf4 1/2-1/2

[Event "29. Open Villa de Benasque 2009  "]
[Site "Benasque ESP"]
[Date "2009.07.11"]
[Round "10.3"]
[White "Melkumyan, Hrant"]
[Black "Burmakin, Vladimir"]
[Result "1/2-1/2"]
[WhiteElo "2530"]
[BlackElo "2627"]
[PlyCount "95"]
[EventDate "2009.07.03"]
[EventType "swiss"]
[EventRounds "11"]
[EventCountry "ESP"]
[Source "lmi"]
[SourceDate "2009.07.03"]

1. d4 d5 2. c4 c6 3. Nc3 Nf6 4. Nf3 a6 5. e3 g6 6. Be2 Bg7 7. Qb3 O-O 8. Ne5 e6
9. O-O Nbd7 10. f4 Nxe5 11. fxe5 Nd7 12. Bf3 Qb6 13. Qxb6 Nxb6 14. c5 Nd7 15.
e4 dxe4 16. Nxe4 f6 17. exf6 Nxf6 18. Nxf6+ Bxf6 19. Be3 Bd7 20. Rad1 Bg7 21.
b4 Be8 22. a4 Rd8 23. b5 Rxf3 24. Rxf3 cxb5 25. axb5 Bxb5 26. Rf2 Bc6 27. Rfd2
a5 28. h3 a4 29. Kh1 Bd5 30. Ra1 Bb3 31. Ra3 Rd5 32. Rxb3 axb3 33. Rd3 e5 34.
Rxb3 exd4 35. Bd2 Rxc5 36. Rxb7 Be5 37. Kg1 Rc2 38. Bh6 Bc7 39. Kf1 Be5 40. Rd7
Bf6 41. h4 Rc8 42. Ke2 Re8+ 43. Kf3 Bxh4 44. Rxd4 Be7 45. Rd7 Kf7 46. Rb7 Ke6
47. Rb6+ Kf7 48. Rb7 1/2-1/2

[Event "29. Open Villa de Benasque 2009  "]
[Site "Benasque ESP"]
[Date "2009.07.11"]
[Round "10.4"]
[White "Lajthajm, Borko"]
[Black "Edouard, Romain"]
[Result "1/2-1/2"]
[WhiteElo "2484"]
[BlackElo "2597"]
[PlyCount "104"]
[EventDate "2009.07.03"]
[EventType "swiss"]
[EventRounds "11"]
[EventCountry "ESP"]
[Source "lmi"]
[SourceDate "2009.07.03"]

1. c4 Nf6 2. Nc3 e5 3. g3 Bb4 4. Bg2 O-O 5. Nf3 Bxc3 6. bxc3 d6 7. O-O Nc6 8.
d3 e4 9. Nd4 Ne5 10. f4 exf3 11. Nxf3 Nxf3+ 12. Rxf3 Nd7 13. Rf2 Rb8 14. Qa4 a6
15. Bd2 Ne5 16. Raf1 Bd7 17. Qc2 Qc8 18. Bf4 Bh3 19. Bxe5 dxe5 20. Bxh3 Qxh3
21. Rf5 f6 22. d4 Qh6 23. dxe5 Qe3+ 24. Kg2 fxe5 25. R1f3 Qc5 26. Qe4 Rbe8 27.
Rxf8+ Rxf8 28. Qxb7 Qxc4 29. Qb3 Qxb3 30. Rxf8+ Kxf8 31. axb3 Ke7 32. Kf3 Ke6
33. Ke4 a5 34. h3 h5 35. g4 hxg4 36. hxg4 g6 37. g5 Kd6 38. c4 Kc5 39. Kxe5 Kb4
40. Kf6 Kxb3 41. Kxg6 a4 42. Kf5 a3 43. g6 a2 44. g7 a1=Q 45. g8=Q Qf1+ 46. Ke6
Qxe2+ 47. Kd7 c5 48. Kc6 Qxc4 49. Qg3+ Ka4 50. Qb8 Qb4 51. Qa7+ Kb3 52. Qxc5
Qxc5+ 1/2-1/2

[Event "29. Open Villa de Benasque 2009  "]
[Site "Benasque ESP"]
[Date "2009.07.11"]
[Round "10.5"]
[White "Andriasian, Zaven"]
[Black "Pap, Misa"]
[Result "1-0"]
[WhiteElo "2585"]
[BlackElo "2478"]
[PlyCount "115"]
[EventDate "2009.07.03"]
[EventType "swiss"]
[EventRounds "11"]
[EventCountry "ESP"]
[Source "lmi"]
[SourceDate "2009.07.03"]

1. e4 c5 2. Nf3 g6 3. Bb5 Nc6 4. O-O Bg7 5. Bxc6 dxc6 6. d3 Nf6 7. h3 Nd7 8.
Nc3 e5 9. Be3 Qe7 10. Qd2 h6 11. Nh2 Nf8 12. a3 Ne6 13. Ne2 Nd4 14. b4 Be6 15.
bxc5 Qxc5 16. Bxd4 exd4 17. f4 f5 18. e5 Qd5 19. Nf3 c5 20. c3 dxc3 21. Nxc3
Qd7 22. d4 cxd4 23. Qxd4 Kf7 24. Rab1 Rhd8 25. Nb5 Qxd4+ 26. Nfxd4 Bd5 27. Nc7
Be4 28. Nxa8 Rxd4 29. Rbd1 Ra4 30. Rd7+ Kg8 31. Rd8+ Kf7 32. Rd7+ Kg8 33. e6
Bf6 34. Nc7 Bc6 35. Nd5 Bh4 36. Ne7+ Bxe7 37. Rxe7 Re4 38. Rd1 Kf8 39. Rf7+ Ke8
40. Rf6 Rxf4 41. Rxg6 Re4 42. Rf1 f4 43. Rxh6 Ke7 44. Rh4 Re2 45. Rf2 Re1+ 46.
Kh2 f3 47. gxf3 Kxe6 48. Kg3 Re3 49. Rf4 Rxa3 50. Re2+ Kd6 51. h4 Bb5 52. Re1
Rd3 53. h5 Rd5 54. h6 Rh5 55. Rh4 Rg5+ 56. Kf2 Rg8 57. h7 Rh8 58. Rg1 1-0

[Event "29. Open Villa de Benasque 2009  "]
[Site "Benasque ESP"]
[Date "2009.07.11"]
[Round "10.6"]
[White "Geetha, Narayanan Gopal"]
[Black "Kohlweyer, Bernd"]
[Result "1-0"]
[WhiteElo "2575"]
[BlackElo "2418"]
[PlyCount "57"]
[EventDate "2009.07.03"]
[EventType "swiss"]
[EventRounds "11"]
[EventCountry "ESP"]
[Source "lmi"]
[SourceDate "2009.07.03"]

1. e4 e6 2. Qe2 c5 3. Nf3 Nc6 4. g3 g6 5. Bg2 Bg7 6. c3 Nge7 7. O-O O-O 8. d3
d6 9. a3 a5 10. a4 e5 11. Na3 h6 12. Nb5 Na7 13. Nxa7 Rxa7 14. Nd2 Re8 15. Nc4
Be6 16. f4 b6 17. Kh1 exf4 18. Bxf4 g5 19. Bd2 d5 20. exd5 Nxd5 21. Qf3 Ne7 22.
Rae1 Kh8 23. Bxg5 Bd5 24. Qxd5 Nxd5 25. Bxd8 Rxd8 26. Bxd5 Rxd5 27. Re8+ Kh7
28. Rf3 Rb7 29. Kg2 1-0

[Event "29. Open Villa de Benasque 2009  "]
[Site "Benasque ESP"]
[Date "2009.07.11"]
[Round "10.7"]
[White "Sulskis, Sarunas"]
[Black "Kaplan, Sasha"]
[Result "1-0"]
[WhiteElo "2559"]
[BlackElo "2414"]
[PlyCount "111"]
[EventDate "2009.07.03"]
[EventType "swiss"]
[EventRounds "11"]
[EventCountry "ESP"]
[Source "lmi"]
[SourceDate "2009.07.03"]

1. e4 e5 2. Nf3 Nc6 3. Bb5 a6 4. Ba4 Nf6 5. O-O Be7 6. Re1 b5 7. Bb3 O-O 8. c3
d5 9. exd5 Nxd5 10. d3 Qd6 11. Nbd2 Bb7 12. Ne4 Qd7 13. Ng3 Kh8 14. Nxe5 Nxe5
15. Rxe5 f6 16. Re1 f5 17. Ne2 f4 18. Nd4 Rae8 19. Nf3 c5 20. Ne5 Qf5 21. d4 c4
22. Bc2 Qg5 23. Qg4 Qxg4 24. Nxg4 Bd6 25. Bd2 Bc8 26. Rxe8 Rxe8 27. Ne5 Kg8 28.
Be4 Nf6 29. Bc6 Re6 30. Bf3 g5 31. Ng4 Kg7 32. Nxf6 Kxf6 33. a4 Re7 34. axb5
axb5 35. h3 Bb7 36. Bxb7 Rxb7 37. Ra6 Ke6 38. g3 fxg3 39. fxg3 Kd5 40. g4 h6
41. Kf2 Rf7+ 42. Ke2 Re7+ 43. Kd1 Rf7 44. Rb6 Rf3 45. Rxb5+ Ke4 46. Rb6 Bg3 47.
Rxh6 Rf1+ 48. Kc2 Rf2 49. Re6+ Kf3 50. Re1 Kg2 51. d5 Kxh3 52. Kc1 Kxg4 53. Rg1
Kh4 54. Be1 g4 55. Rxg3 Kxg3 56. d6 1-0